LEADER 00756nam0 2200253 450 001 000026238 005 20090617130533.0 010 $a0121848035 100 $a20090617d1971----km-y0itay50------ba 101 0 $aeng 102 $aGB 105 $aa-------001yy 200 1 $aEssays in physics$eVolume 3$fedited by G. K. T. Conn and G. N. Fowler 210 $aLondon$cAcademic Press$d1971 215 $aX, 169 p.$cill.$d23 cm 500 10$aEssays in physics$959231 676 $a530.02$v20 702 1$aConn,$bGeorge Keith Thorburn 702 1$aFowler,$bGerald Nathan 801 0$aIT$bUNIPARTHENOPE$c20090617$gRICA$2UNIMARC 912 $a000026238 951 $aDISAM 530.02/1$bM 1416$cDISAM$d2009 996 $aEssays in physics$959231 997 $aUNIPARTHENOPE LEADER 01167nam 2200361 450 001 996199912703316 005 20180305140229.0 035 $a(CKB)1000000000709705 035 $a(WaSeSS)IndRDA00093408 035 $a(NjHacI)991000000000709705 035 $a(EXLCZ)991000000000709705 100 $a20180305d2008 || | 101 0 $aeng 135 $aur||||||||||| 181 $ctxt$2rdacontent 182 $cc$2rdamedia 183 $acr$2rdacarrier 200 00$a2008 International Conference on Smart Manufacturing Application $e9-11 April 2008 210 1$aNew York :$cIEEE,$d2008. 215 $a1 online resource (338 pages) 311 $a89-962150-0-7 311 $a89-950038-8-X 606 $aManufacturing processes$xAutomation$vCongresses 606 $aComputer integrated manufacturing systems$vCongresses 615 0$aManufacturing processes$xAutomation 615 0$aComputer integrated manufacturing systems 676 $a670 801 0$bWaSeSS 801 1$bWaSeSS 906 $aPROCEEDING 912 $a996199912703316 996 $a2008 International Conference on Smart Manufacturing Application$92524377 997 $aUNISA